000 00795nam a2200241 4500
999 _c13746
_d13746
003 MIRAKIL
005 20200129134512.0
008 200129b tu ||||| |||| 00| 0 tur d
020 _a9786059963138
040 _aTR-AnCHP
_cTR-AnCHP
041 _atur
082 _a327.10109561
_bS25t 2015
100 _aSandıklı, Atilla
245 1 0 _aTürkiye'nin jeopolitiği :
_byumuşak güç savaşları ve terörizm /
_cAtilla Sandıklı.
246 _ayumuşak güç savaşları ve terörizm
260 _aİstanbul :
_bBilgesam Yayınları,
_c2015.
300 _a280 s.:
_bhrt.,
_c24 sm.
504 _aKaynakça bölüm sonlarındadır.
650 0 _9557
_aJeopolitik
_xTürkiye
650 0 _9851
_aTerörizm
_xtürkiye
740 _ayumuşak güç savaşları ve terörizm
942 _2ddc
_cBKS